Постановление ГКО СССР № 5275 с о реконструкции шоссейных дорог Беслан - Тбилиси - Ереван - Джульфа и Баку - Астара - Казвин, с ...

RUSMARC
00005691cbm0a2200337#x 450
001da17a9d3-fcfc-4f65-ad11-ed06f4620d61
00520250904100713.0
100##$a20250904j19440301k###0rusy50 ca
1010#$arus
102##$aRU
105##$ay###z########
1220#$ad19440301##
2001#$aПостановление ГКО СССР № 5275 с о реконструкции шоссейных дорог Беслан - Тбилиси - Ереван - Джульфа и Баку - Астара - Казвин, с приложением ведомостей механизмов и материалов и докладной записки Берии Л. П., Микояна А. И., Вознесенского Н. А., Хрулева А. В. Сталину И. В.
$j1 марта 1944 г.
251##$cДокумент
300##$aРассылочный и подлинный экземпляры
461#0$12001
$aФ. 644
$1251
$cФонд
$1852
$j644
462#0$12001
$aОп. 1
$1251
$cОпись
$1852
$j1
60101$2nlr_sh
$3RU\NLR\AUTH\6601614128
$aСССР
$bГосударственный Комитет Обороны
$xИстория
$z1941 - 1945
$jДокументы и материалы
605##$2prlib_sh
$3LIBNET\UAF\0000088514
$aВторая мировая война в архивных документах (Комплекс оцифрованных архивных документов, кино- и фотоматериалов)
$lколлекция
605##$2acquisition_Prlib
$3DITM\AF\0000002775
$aВласть
$lколлекция
6061#$2nlr_sh
$3RU\NLR\AUTH\661280795
$aВеликая Отечественная война
$z1941 - 1945
$xТыл(воен.)
$jДокументы и материалы
6061#$2nlr_sh
$3RU\NLR\AUTH\661323374
$aПромышленность
$xИстория
$yСССР
$z1941 - 1945
$jДокументы и материалы
6061#$2nlr_sh
$3RU\NLR\AUTH\661315096
$aАсфальтобетонные дорожные покрытия
$xРеконструкция
$jДокументы и материалы
6061#$2prlib_sh
$3LIBNET\UAF\0000114724
$aДорожное строительство
$yСССР
$z1941-1945
$jДокументы и материалы
686##$a63.3(2)622-21ю1
$vLBC/M
$2rubbk
686##$a65.03(2)622ю1
$vLBC/M
$2rubbk
801#0$aRU
$bПБ им. Б.Н. Ельцина
$c20250904
801#1$aRU
$bПБ им. Б.Н. Ельцина
$c20250904
$2rusmarc
801#2$aRU
$bПБ им. Б.Н. Ельцина
$c20250904
$2rusmarc
850##$aРоссийский государственный архив социально-политической истории
852##$aРГАСПИ
$jД. 214. Л. 155-161; Оп. 2. Д. 290. Л. 155-163об.
035##$aLIBNET\0001496133
937##$d197642852
$hФедеральное архивное агентство
8564#$uhttp://readingroom.main.prlib.ru/item.aspx?id_node=n197642852&mode=full
Формат отображения